Special education integration in Europe
Αποθηκεύτηκε σε:
| Κύριος συγγραφέας: | |
|---|---|
| Μορφή: | Βιβλίο |
| Γλώσσα: | English |
| Δημοσίευση: |
London :
David Fulton,
1993
|
| Θέματα: | |
| Ετικέτες: |
Προσθήκη ετικέτας
Δεν υπάρχουν, Καταχωρήστε ετικέτα πρώτοι!
|
MARC
| LEADER | 00000nam a2200000 i 4500 | ||
|---|---|---|---|
| 001 | 1/99613 | ||
| 008 | 000127s1993 eng d | ||
| 020 | |a 1-85346-236-5 | ||
| 035 | |l 10056954 | ||
| 040 | |a GR-MY-UA |b gre |e aacr | ||
| 041 | 0 | |a eng | |
| 082 | 0 | |a 371.90094 | |
| 100 | 1 | |a O'Hanlon, Christine. | |
| 245 | 1 | 0 | |a Special education integration in Europe / |c Christine O'Hanlon |
| 260 | |a London : |b David Fulton, |c 1993 | ||
| 300 | |a 167 p. | ||
| 650 | 0 | 0 | |a Children with disabilities |x Education |z European Economic Community countries. |
| 650 | 0 | 0 | |a Mainstreaming in education |z European Economic Community countries. |
| 650 | 0 | 0 | |a Education and state |z European Economic Community Countries. |
| 852 | |a INST |b RHODES |e 20000127 |h 371.90094 OHA |p 005400012337 |q 005400012337 |t BK |y 0 | ||
| 901 | |a BIBL4-2000-1 | ||
| 909 | |a Ρ |b 069190 | ||
| 922 | |a 4ΕΛΗ |b 199909 |c ΚΠΣ/154 |d GLORY BOOKS | ||
| 970 | |a ΚΟΥΛΑΚΙΟΤΗ |b ΛΙΤΣΑ |z 2000/01/27 | ||